000 00476nmm a2200169Ia 4500
008 251105s9999||||xx |||||||||||||||||und||
041 _aspa
100 _aHurwitz, Gregg Andrew
245 0 _aNo mientas
264 _a[Madrid, España] :
_bEdiciones B,
_c2016
300 _a408 páginas
650 _aThriller & Suspense
700 _aHurwitz, Gregg Andrew
700 1 _a Vicens Martorell, Paula
856 _uhttps://public.digitaliapublishing.com/a/53676
942 _cCF
999 _c67036
_d67036